| 000 | 00954nmm a2200325 a 4500 | ||
|---|---|---|---|
| 003 | AR-BaBNM | ||
| 005 | 20251128205614.0 | ||
| 008 | 298019s1991 ||||||||||||||000 | spa|| | ||
| 020 | _a968-23-0280-3 | ||
| 040 | _cAR-BaBNM | ||
| 245 | 1 | 0 |
_aAmérica Latina _bhistoria de medio siglo : América del Sur. 1 |
| 250 | _a8ª ed. | ||
| 260 |
_aMéxico, D.F. _bSiglo Veintiuno _c1991 |
||
| 300 | 0 | _a557 p. | |
| 500 | 0 | _aIndice de nombres p. 553-557 | |
| 500 | 0 | _aEste trabajo cuenta con la colaboración del Instituto de investigaciones sociales de la UNAM | |
| 650 | 4 | _aHISTORIA LATINOAMERICANA | |
| 650 | 4 | _aCULTURAS LATINOAMERICANAS | |
| 650 | 4 | _aANTROPOLOGIA | |
| 650 | 4 | _aECONOMIA | |
| 650 | 4 | _aIDEOLOGIAS | |
| 650 | 4 | _aNACIONALISMO | |
| 650 | 4 | _aDICTADURA | |
| 650 | 4 | _aSIGLO VEINTE | |
| 650 | 4 | _aHISTORIA ECONOMICA | |
| 653 | _aPOPULISMO | ||
| 700 | 1 |
_aGonzález Casanova, Pablo _ecoordinador |
|
| 942 | _cBK | ||
| 998 | _cMariana | ||
| 999 |
_c12103 _d12103 |
||